<?xml version="1.0" encoding="UTF-8"?>
<record
    xmlns:xsi="http://www.w3.org/2001/XMLSchema-instance"
    xsi:schemaLocation="http://www.loc.gov/MARC21/slim http://www.loc.gov/standards/marcxml/schema/MARC21slim.xsd"
    xmlns="http://www.loc.gov/MARC21/slim">

  <leader>01639nam a22002897a 4500</leader>
  <datafield tag="952" ind1=" " ind2=" ">
    <subfield code="0">0</subfield>
    <subfield code="1">0</subfield>
    <subfield code="2">lcc</subfield>
    <subfield code="4">0</subfield>
    <subfield code="7">0</subfield>
    <subfield code="a">20</subfield>
    <subfield code="b">20</subfield>
    <subfield code="d">2015-11-21</subfield>
    <subfield code="l">0</subfield>
    <subfield code="o">BF38 S55 2013</subfield>
    <subfield code="p">20 002959</subfield>
    <subfield code="r">2015-11-21</subfield>
    <subfield code="t">1</subfield>
    <subfield code="w">2015-11-21</subfield>
    <subfield code="y">LB</subfield>
  </datafield>
  <datafield tag="952" ind1=" " ind2=" ">
    <subfield code="0">0</subfield>
    <subfield code="1">0</subfield>
    <subfield code="2">lcc</subfield>
    <subfield code="4">0</subfield>
    <subfield code="7">0</subfield>
    <subfield code="a">14</subfield>
    <subfield code="b">14</subfield>
    <subfield code="d">2016-04-15</subfield>
    <subfield code="l">1</subfield>
    <subfield code="o">BF38 S55 2013</subfield>
    <subfield code="p">14 006359</subfield>
    <subfield code="r">2016-09-29</subfield>
    <subfield code="s">2016-09-29</subfield>
    <subfield code="t">1</subfield>
    <subfield code="w">2016-06-01</subfield>
    <subfield code="y">LB</subfield>
  </datafield>
  <datafield tag="952" ind1=" " ind2=" ">
    <subfield code="0">0</subfield>
    <subfield code="1">0</subfield>
    <subfield code="2">lcc</subfield>
    <subfield code="4">0</subfield>
    <subfield code="7">0</subfield>
    <subfield code="a">09</subfield>
    <subfield code="b">09</subfield>
    <subfield code="d">2017-04-21</subfield>
    <subfield code="l">0</subfield>
    <subfield code="o">BF38 S55 2013</subfield>
    <subfield code="p">09 004570</subfield>
    <subfield code="r">2017-04-21</subfield>
    <subfield code="t">1</subfield>
    <subfield code="w">2017-04-21</subfield>
    <subfield code="y">LB</subfield>
  </datafield>
  <datafield tag="952" ind1=" " ind2=" ">
    <subfield code="0">0</subfield>
    <subfield code="1">0</subfield>
    <subfield code="4">0</subfield>
    <subfield code="7">0</subfield>
    <subfield code="a">03</subfield>
    <subfield code="b">03</subfield>
    <subfield code="d">2017-12-11</subfield>
    <subfield code="l">0</subfield>
    <subfield code="o">BF38 S55 2013</subfield>
    <subfield code="p">03 009762</subfield>
    <subfield code="r">2017-12-11</subfield>
    <subfield code="t">1</subfield>
    <subfield code="w">2017-12-11</subfield>
    <subfield code="y">LB</subfield>
  </datafield>
  <datafield tag="952" ind1=" " ind2=" ">
    <subfield code="0">0</subfield>
    <subfield code="1">0</subfield>
    <subfield code="4">0</subfield>
    <subfield code="7">0</subfield>
    <subfield code="a">25</subfield>
    <subfield code="b">25</subfield>
    <subfield code="d">2018-03-02</subfield>
    <subfield code="l">1</subfield>
    <subfield code="m">1</subfield>
    <subfield code="o">BF38 S55 2013</subfield>
    <subfield code="p">06 003835</subfield>
    <subfield code="r">2020-03-05</subfield>
    <subfield code="s">2020-03-05</subfield>
    <subfield code="t">1</subfield>
    <subfield code="w">2018-03-02</subfield>
    <subfield code="y">LB</subfield>
  </datafield>
  <datafield tag="999" ind1=" " ind2=" ">
    <subfield code="c">98493</subfield>
    <subfield code="d">98493</subfield>
  </datafield>
  <controlfield tag="005">20231102151900.0</controlfield>
  <controlfield tag="008">151121s2013    mx a||||r|||| 00| 0 spa d</controlfield>
  <datafield tag="020" ind1=" " ind2=" ">
    <subfield code="a">9786077723370</subfield>
  </datafield>
  <datafield tag="050" ind1=" " ind2=" ">
    <subfield code="a">BF38</subfield>
    <subfield code="b">S55 2013</subfield>
  </datafield>
  <datafield tag="100" ind1="1" ind2=" ">
    <subfield code="a">Silva Rodriguez, Arturo</subfield>
    <subfield code="e">autor </subfield>
    <subfield code="9">60293</subfield>
  </datafield>
  <datafield tag="245" ind1="1" ind2=" ">
    <subfield code="a">Fundamentos Filos&#xF3;ficos de la Psicolog&#xED;a</subfield>
    <subfield code="c">/ Arturo Silva Rodr&#xED;guez</subfield>
  </datafield>
  <datafield tag="260" ind1="3" ind2=" ">
    <subfield code="a">M&#xE9;xico</subfield>
    <subfield code="b">: PAX</subfield>
    <subfield code="c">, 2013</subfield>
  </datafield>
  <datafield tag="300" ind1=" " ind2=" ">
    <subfield code="a">xvi, 271 p&#xE1;ginas</subfield>
    <subfield code="b">: ilustraciones</subfield>
  </datafield>
  <datafield tag="500" ind1=" " ind2=" ">
    <subfield code="a">En portada : Para comprender o explicar las relaciones humanas</subfield>
  </datafield>
  <datafield tag="504" ind1=" " ind2=" ">
    <subfield code="a">Incluye: bibliograf&#xED;a (pp. 263-271)</subfield>
  </datafield>
  <datafield tag="505" ind1=" " ind2=" ">
    <subfield code="a">Una mirada fugaz desde la ciencia a la psicolog&#xED;a 
Fundamentos de los sistemas te&#xF3;ricos de la psicolog&#xED;a
La noci&#xF3;n de explicaci&#xF3;n de las acciones racionales en la psicolog&#xED;a
El legado de la intencionalidad en la psicolog&#xED;a</subfield>
  </datafield>
  <datafield tag="519" ind1=" " ind2=" ">
    <subfield code="a">Material Complementario / </subfield>
    <subfield code="b">Pedagog&#xED;a / </subfield>
    <subfield code="d">(14 006359)</subfield>
  </datafield>
  <datafield tag="519" ind1=" " ind2=" ">
    <subfield code="a">Educaci&#xF3;n Mixta / </subfield>
    <subfield code="b">Psicolog&#xED;a / </subfield>
    <subfield code="c">Metodolog&#xED;a de la investigaci&#xF3;n (M01-3) / </subfield>
    <subfield code="d">(20 002959)</subfield>
  </datafield>
  <datafield tag="519" ind1=" " ind2=" ">
    <subfield code="a">Plan Flexible / </subfield>
    <subfield code="b">Mercadotecnia Digital / </subfield>
    <subfield code="c">Temas Selectos de Psicolog&#xED;a (P32-2) / </subfield>
    <subfield code="d">(03 009762)</subfield>
  </datafield>
  <datafield tag="519" ind1=" " ind2=" ">
    <subfield code="a">Plan Flexible / </subfield>
    <subfield code="b">Mercadotecnia Digital / </subfield>
    <subfield code="c">Temas Selectos de Psicolog&#xED;a (P32-3) / </subfield>
    <subfield code="d">(06 003835)</subfield>
  </datafield>
  <datafield tag="519" ind1=" " ind2=" ">
    <subfield code="a">Plan Flexible / </subfield>
    <subfield code="b">Mercadotecnia Digital / </subfield>
    <subfield code="c">Temas Selectos de Psicolog&#xED;a (P32-2) / </subfield>
    <subfield code="d">(09 004570)</subfield>
  </datafield>
  <datafield tag="650" ind1="1" ind2="4">
    <subfield code="a">PSICOLOG&#xCD;A</subfield>
    <subfield code="9">519</subfield>
  </datafield>
  <datafield tag="650" ind1="2" ind2="4">
    <subfield code="a">FILOSOF&#xCD;A EN LA PSICOLOG&#xCD;A</subfield>
  </datafield>
  <datafield tag="942" ind1=" " ind2=" ">
    <subfield code="c">LB</subfield>
  </datafield>
</record>
